Hitotsubashi journal of law and politics

Gespeichert in:
Bibliographische Detailangaben
Format: Schriftenreihe
Sprache:Englisch
Veröffentlicht: Tokyo Hitotsubashi University 2003
Schlagworte:
Tags: Tag hinzufügen
Keine Tags, Fügen Sie das erste Tag hinzu!

MARC

LEADER 00000nas2a22000001 4500
001 0052573
005 20230621133814.0
022 |a 0073-2796 
041 0 |a eng 
044 |a JP 
245 1 0 |a Hitotsubashi journal of law and politics 
264 1 |a Tokyo  |b Hitotsubashi University  |c 2003 
773 0 |w eu_un_cat*s120202 
610 2 0 |a právo 
610 2 0 |a politika